Estadística intermedia... / (Record no. 93006)

MARC details
000 -LEADER
campo de control de longitud fija 00589nam a2200205 i 4500
001 - NÚMERO DE CONTROL
campo de control 93006
003 - IDENTIFICADOR DE NÚMERO DE CONTROL
campo de control ES-MaACL
005 - FECHA Y HORA DE LA ÚLTIMA TRANSACCIÓN
campo de control 20230906181115.0
007 - CAMPO FIJO DE DESCRIPCIÓN FÍSICA--INFORMACIÓN GENERAL
campo de control de longitud fija t|
008 - DATOS DE LONGITUD FIJA--INFORMACIÓN GENERAL
campo de control de longitud fija 050406s1981 sp ||||1| spa d
100 1# - ENTRADA PRINCIPAL--NOMBRE DE PERSONA
Nombre de persona Lóbez Urquía, José.
9 (RLIN) 73010
245 10 - MENCIÓN DEL TÍTULO
Título Estadística intermedia... /
Mención de responsabilidad, etc. J. Lóbez Urquía, E. Casa Aruta.
250 ## - MENCION DE EDICION
Mención de edición [2ª ed.].
260 ## - PUBLICACIÓN, DISTRIBUCIÓN, ETC.
Lugar de publicación, distribución, etc. Barcelona :
Nombre del editor, distribuidor, etc. Vicens-Vives,
Fecha de publicación, distribución, etc. 1981.
300 ## - DESCRIPCIÓN FÍSICA
Extensión XIII, 326 p., 4 h. ;
Dimensiones 23 cm.
500 ## - NOTA GENERAL
Nota general 3ª reimp.
650 04 - PUNTO DE ACCESO ADICIONAL DE MATERIA--TÉRMINO DE MATERIA
Término de materia o nombre geográfico como elemento de entrada Estadística.
9 (RLIN) 12520
700 1# - ENTRADA AGREGADA--NOMBRE PERSONAL
Nombre de persona Casa Aruta, E.
9 (RLIN) 35983
852 ## - LOCALIZACIÓN
Ubicación ES-MaACL
Número de control de estantería L-5483
Sublocalización o colección R.106003
Holdings
Estatus retirado Estado de pérdida Estado de daño No para préstamo Biblioteca de origen Biblioteca actual Ubicación en estantería Fecha de adquisición Fuente de adquisición Total de préstamos Signatura topográfica completa Código de barras Visto por última vez Precio de reemplazo Tipo de ítem Koha
        Biblioteca del Ateneo de Madrid Biblioteca del Ateneo de Madrid Depósito 2 17/01/2008     L-5483 1097089 23/02/2023 23/02/2023 Libro impreso